Design patterns : elements of reusable object-oriented software (Record no. 274308)

MARC details
000 -LEADER
fixed length control field 00530nam a2200157Ia 4500
008 - FIXED-LENGTH DATA ELEMENTS--GENERAL INFORMATION
fixed length control field 240126s9999 xx 000 0 und d
041 ## - LANGUAGE CODE
Language code of text/sound track or separate title English
082 ## - DEWEY DECIMAL CLASSIFICATION NUMBER
Classification number 001.6424 GAM;18
100 ## - MAIN ENTRY--PERSONAL NAME
Personal name Gamma, Erich. Helm, Richard. Johnson, Ralph...[et al.]
245 #0 - TITLE STATEMENT
Title Design patterns : elements of reusable object-oriented software
260 ## - PUBLICATION, DISTRIBUTION, ETC.
Name of publisher, distributor, etc. Dorling Kindersley
Place of publication, distribution, etc. New Delhi
300 ## - PHYSICAL DESCRIPTION
Extent xiii, 395
440 ## - SERIES STATEMENT/ADDED ENTRY--TITLE
Title Addision wesley professional computing series
650 ## - SUBJECT ADDED ENTRY--TOPICAL TERM
Topical term or geographic name entry element patterns,reusable,object-oriented,software
942 ## - ADDED ENTRY ELEMENTS (KOHA)
Koha item type Not processed
Holdings
Date last seen Total checkouts Full call number Accession number Volume/Issue Number Price effective from Category Lost status Damaged status Department Withdrawn status Home library Current library Shelving location Entry date Vendor Grants Currency symbol Conversion rate Discount Old discount
26/01/2024   001.6424 GAM;18 NP21 (17/06/1905) 26/01/2024 Not processed     Information Science   Central Library Central Library Information Science   Book Paradise MCA RS 1    

© For any Suggestions or Query, please contact the library staff @ librarian@pes.edu or Phone: +9180 2672 1983/ 2108.